000 00634nam a2200253 a 4500
001 nice12345678
003 IN_TiNIC
005 20260116012029.0
008 050524s1941 laha grp 000 0 eng
020 _a
_c100
082 0 0 _a928
_bENA
100 _aEnan, Muhammad Abdullah
245 _aIbn Khaldun, His Life and Work
260 _aLahore
_bSh. Muhammad Ashraf
_c1941
300 _a220p
500 _aincludes index and biblioraphy
505 2 _aIndex
650 _aBiography-Ibn Khaldun
650 _aBiography-Historians
700 1 _aEnan, Muhammad Abdullah
902 _bRBA
942 _cBK
999 _c5346
_d5346